Jack Black Movies - Sudden Death - Statistics

General Stats
  • This quiz has been taken 1,428 times
  • The average score is 8 of 22
Answers on the Grid
Answers color-coded by a green-red scale on the quiz's grid according to % correct below.
School of Rock
High Fidelity
Jumanji: The Next Level
Kung Fu Panda
Goosebumps
Nacho Libre
The Holiday
Tropic Thunder
The Cable Guy
Mars Attacks!
Waterworld
Enemy of the State
Demolition Man
Ice Age
Shark Tale
King Kong
Year One
Gulliver's Travels
The Muppets
Shallow Hal
Borderlands
Weird: The Al Yankovic Story
Dumb and Dumber To
Napoleon Dynamite
Zoolander 2
Reality Bites
Pulp Fiction
The Lost World: Jurassic Park
Dodgeball: A True Underdog Story
Hotel Transylvania
Barnyard
Paul Blart: Mall Cop
Pixels
Frozen
How the Grinch Stole Christmas
Speed Racer
A Series of Unfortunate Events
Lilo and Stitch
The Nightmare Before Christmas
Gandhi
Amadeus
Fantastic Mr. Fox
Mean Girls
Charlie and the Chocolate Factory
 
Answer Stats
Answer % Correct
School of Rock
77%
Kung Fu Panda
75%
Jumanji: The Next Level
69%
Nacho Libre
66%
Gulliver's Travels
52%
Shallow Hal
49%
Goosebumps
47%
King Kong
46%
Tropic Thunder
44%
The Holiday
42%
Year One
37%
Shark Tale
29%
High Fidelity
22%
Borderlands
18%
The Muppets
16%
Weird: The Al Yankovic Story
15%
Ice Age
14%
The Cable Guy
14%
Mars Attacks!
13%
Enemy of the State
9%
Demolition Man
7%
Waterworld
6%
No matching quizzes found
Score Distribution
Percent of People with Each Score
Percentile by Number Answered
Your Score History
You have not taken this quiz